000 00307nam a2200109Ia 4500
008 200302s9999 xx 000 0 und d
100 _aFlorian Afflerbach
245 _aBasics Fundamentals of Presentation Freehand Drawing
260 _bBirkhauser Publlisher for Architecture
260 _c2014
300 _a92 P
999 _c4242
_d4242